000 00431nam a2200205Ia 4500
001 003900
003 YMCAF
005 20230512160238.0
008 100717s1974 ||||||||||||||||| ||und|d
024 _a3900
035 _a3905
040 _aYMCAF
_beng
_cIN-KoLT
041 _aeng
082 _aELE-CUR
100 _aCURRICULUM DEV
245 0 _aELECTRICAL ENGG. DRAWING
260 _c1974
300 _a916
942 _2ddc
_cBK
999 _c3097
_d3097